| 000 | 00437nam a2200157Ia 4500 | ||
|---|---|---|---|
| 008 | 210210b1977 xxu||||| |||| 00| 0 eng d | ||
| 020 | _a0 88275 442 4 | ||
| 082 | _a574.0922 KLED | ||
| 100 | _aKLEMM (W R), Ed. | ||
| 245 | _aDiscovery processes in modern biology. | ||
| 260 |
_aNew York _bRobert E Krieger Publishing Co., _c1977 |
||
| 300 | _axvi,338 | ||
| 650 | _aDiscovery Process Biology | ||
| 690 | _aBiology | ||
| 906 | _aSG01891 | ||
| 999 |
_c113502 _d113502 |
||